[Event "Niederoesterreich Landesliga 0910"]
[Site "Austria"]
[Date "2009.11.22"]
[Round "5"]
[White "Gugler, Edgar"]
[Black "Reinwald, Patrick"]
[Result "0-1"]
[WhiteElo "2139"]
[BlackElo "2096"]
[PlyCount "92"]
[EventDate "2009.09.06"]
[EventType "team-tourn"]
[EventRounds "11"]
[EventCountry "AUT"]
[SourceTitle "EXT 2022"]
[Source "ChessBase"]
[SourceDate "2021.10.06"]
[SourceVersion "1"]
[SourceVersionDate "2021.10.06"]
[SourceQuality "1"]

1. d4 Nf6 2. Nf3 e6 3. e3 b6 4. Bd3 Bb7 5. Nbd2 d6 6. 0-0 Be7 7. b3 0-0 8. Bb2 Nbd7 9. c4 c5 10. Qe2 Qc7 11. Rfd1 Rfe8 12. Rac1 Rac8 13. Bb1 Qb8 14. dxc5 Nxc5 15. Nf1 d5 16. Ne5 Qa8 17. Ng4 dxc4 18. Nxf6+ Bxf6 19. Bxf6 gxf6 20. Rxc4 Kf8 21. b4 Ne4 22. Rd7 Bc6 23. Rdd4 f5 24. f3 Ng5 25. Nd2 Ke7 26. h4 e5 27. Rd3 e4 28. fxe4 Nxe4 29. Nxe4 Bxe4 30. Rd1 Bxg2 31. Qd2 Red8 32. Rd4 Rg8 33. Rd7+ Ke8 34. Re7+ Kxe7 35. Qd6+ Ke8 36. Qe5+ Kf8 37. Qd6+ Ke8 38. Qe5+ Kf8 39. Qd6+ Kg7 40. Qe5+ Kh6 41. Rd6+ Rg6 42. Qf4+ Kg7 43. Qe5+ Kg8 44. h5 Bh3+ 45. Rxg6+ hxg6 46. e4 Qb8 0-1

[Event "Niederoesterreich Landesliga 0809"]
[Site "Austria"]
[Date "2009.04.26"]
[Round "11"]
[White "Gugler, Edgar"]
[Black "Winiwarter, Felix"]
[Result "1/2-1/2"]
[WhiteElo "2145"]
[BlackElo "2189"]
[PlyCount "34"]
[EventDate "2008.09.28"]
[EventType "team-tourn"]
[EventRounds "11"]
[EventCountry "AUT"]
[SourceTitle "EXT 2022"]
[Source "ChessBase"]
[SourceDate "2021.10.06"]
[SourceVersion "1"]
[SourceVersionDate "2021.10.06"]
[SourceQuality "1"]

1. d4 Nf6 2. Nf3 d5 3. e3 e6 4. Bd3 Nbd7 5. b3 Ne4 6. 0-0 Bd6 7. Bb2 0-0 8. c4 a6 9. Nbd2 f5 10. Ne5 Nxe5 11. dxe5 Bc5 12. Nf3 Bd7 13. Qc2 Rc8 14. Bd4 Ba3 15. Bb2 Bc5 16. Bd4 Ba3 17. Bb2 Bc5 1/2-1/2

[Event "Niederoesterreich Landesliga 0809"]
[Site "Austria"]
[Date "2008.11.16"]
[Round "4"]
[White "Reinwald, Patrick"]
[Black "Gugler, Edgar"]
[Result "1/2-1/2"]
[WhiteElo "2041"]
[BlackElo "2145"]
[PlyCount "40"]
[EventDate "2008.09.28"]
[EventType "team-tourn"]
[EventRounds "11"]
[EventCountry "AUT"]
[SourceTitle "EXT 2022"]
[Source "ChessBase"]
[SourceDate "2021.10.06"]
[SourceVersion "1"]
[SourceVersionDate "2021.10.06"]
[SourceQuality "1"]

1. e4 c6 2. d4 g6 3. Nc3 Bg7 4. Be2 d5 5. e5 Qb6 6. Nf3 Bg4 7. 0-0 Nh6 8. a3 0-0 9. Be3 f6 10. Na4 Qc7 11. Nc5 Nd7 12. Nxd7 Qxd7 13. exf6 exf6 14. Qd2 Nf5 15. Bf4 Rfe8 16. h3 Rxe2 17. Qxe2 Nxd4 18. Qd3 Nxf3+ 19. gxf3 Bxh3 20. Rfe1 Bf5 1/2-1/2

[Event "Niederoesterreich Landesliga 0809"]
[Site "Austria"]
[Date "2008.10.12"]
[Round "2"]
[White "Berbati, Kadri"]
[Black "Gugler, Edgar"]
[Result "0-1"]
[WhiteElo "2007"]
[BlackElo "2145"]
[PlyCount "65"]
[EventDate "2008.09.28"]
[EventType "team-tourn"]
[EventRounds "11"]
[EventCountry "AUT"]
[SourceTitle "EXT 2022"]
[Source "ChessBase"]
[SourceDate "2021.10.06"]
[SourceVersion "1"]
[SourceVersionDate "2021.10.06"]
[SourceQuality "1"]

1. e4 c6 2. d4 g6 3. Nf3 Bg7 4. Nc3 d5 5. e5 Nh6 6. Bf4 f6 7. Qe2 0-0 8. Qd2 Nf7 9. h4 Bg4 10. Nh2 fxe5 11. Nxg4 exf4 12. Qxf4 e5 13. dxe5 Nxe5 14. Qg3 Nxg4 15. Qxg4 Nd7 16. h5 Nf6 17. Qe6+ Kh8 18. 0-0-0 Nxh5 19. Bd3 Rxf2 20. Kb1 Qf6 21. Qh3 h6 22. Rdf1 Re8 23. g3 Qf3 24. Rxf2 Qxf2 25. Be2 Re3 26. Qg4 Nf6 27. Qxg6 Rxe2 28. Nxe2 Qxe2 29. a3 Qe5 30. Qf7 Nd7 31. Rxh6+ Bxh6 32. Qxd7 Bg7 33. Qxb7 0-1

[Event "Niederoesterreich Landesliga 0607"]
[Site "Austria"]
[Date "2007.02.18"]
[Round "9"]
[White "Gugler, Edgar"]
[Black "Kropik, Martin"]
[Result "1/2-1/2"]
[WhiteElo "2216"]
[BlackElo "2126"]
[PlyCount "21"]
[EventDate "2006.09.17"]
[EventType "team-tourn"]
[EventRounds "11"]
[EventCountry "AUT"]
[SourceTitle "EXT 2022"]
[Source "ChessBase"]
[SourceDate "2021.10.06"]
[SourceVersion "1"]
[SourceVersionDate "2021.10.06"]
[SourceQuality "1"]

1. d4 Nf6 2. Nf3 g6 3. Bf4 d6 4. e3 Bg7 5. Be2 0-0 6. 0-0 b6 7. h3 Bb7 8. Nbd2 Nbd7 9. Bh2 e6 10. Bd3 Qe7 11. e4 1/2-1/2

[Event "Niederoesterreich Landesliga 0506"]
[Site "Austria"]
[Date "2006.04.23"]
[Round "13"]
[White "Gugler, Edgar"]
[Black "Weinzettl, Ernst"]
[Result "0-1"]
[WhiteElo "2166"]
[BlackElo "2325"]
[PlyCount "70"]
[EventDate "2005.09.18"]
[EventType "team-tourn"]
[EventRounds "13"]
[EventCountry "AUT"]
[SourceTitle "EXT 2022"]
[Source "ChessBase"]
[SourceDate "2021.10.06"]
[SourceVersion "1"]
[SourceVersionDate "2021.10.06"]
[SourceQuality "1"]

1. d4 Nf6 2. Nf3 e6 3. Bf4 b6 4. e3 Bb7 5. Bd3 c5 6. c3 Be7 7. h3 0-0 8. 0-0 d6 9. a4 Nc6 10. Bh2 Rc8 11. Qe2 Qc7 12. Nbd2 Rfe8 13. Bb5 Qb8 14. a5 cxd4 15. exd4 bxa5 16. Nb3 a6 17. Ba4 Bf8 18. Nxa5 Ba8 19. Rfe1 Red8 20. Nc4 Ne7 21. Bc2 Ng6 22. Ng5 Qb5 23. Nxf7 Qb7 24. Nh6+ gxh6 25. Qxe6+ Kh8 26. f3 Bg7 27. Nxd6 Rxd6 28. Bxd6 Nh4 29. Be4 Nxe4 30. Rxe4 Nxf3+ 31. gxf3 Rg8 32. Kh1 Qxb2 33. Rg1 Qxc3 34. Qf5 Bxe4 35. Qxe4 Qxd4 0-1

[Event "Niederoesterreich Landesliga 0506"]
[Site "Austria"]
[Date "2005.12.04"]
[Round "7"]
[White "Gugler, Edgar"]
[Black "Eidenberger, Otto"]
[Result "1-0"]
[WhiteElo "2166"]
[BlackElo "2007"]
[PlyCount "45"]
[EventDate "2005.09.18"]
[EventType "team-tourn"]
[EventRounds "13"]
[EventCountry "AUT"]
[SourceTitle "EXT 2022"]
[Source "ChessBase"]
[SourceDate "2021.10.06"]
[SourceVersion "1"]
[SourceVersionDate "2021.10.06"]
[SourceQuality "1"]

1. d4 Nf6 2. Nf3 e6 3. e3 c5 4. Bd3 d5 5. 0-0 Nc6 6. c3 Bd6 7. Nbd2 0-0 8. Qe2 e5 9. dxc5 Bxc5 10. e4 d4 11. Nb3 Bb6 12. cxd4 exd4 13. e5 Re8 14. h3 h6 15. Re1 a6 16. Bxh6 gxh6 17. Qd2 Nh7 18. Qxh6 Nf8 19. Ng5 Be6 20. Nh7 Nxh7 21. Bxh7+ Kh8 22. Re4 Qe7 23. Bf5+ 1-0

[Event "Niederoesterreich Landesliga 0405"]
[Site "Austria"]
[Date "2005.03.06"]
[Round "9"]
[White "Sulyok, Michael"]
[Black "Gugler, Edgar"]
[Result "1/2-1/2"]
[WhiteElo "2161"]
[BlackElo "2195"]
[PlyCount "24"]
[EventDate "2004.09.19"]
[EventType "team-tourn"]
[EventRounds "11"]
[EventCountry "AUT"]
[SourceTitle "EXT 2022"]
[Source "ChessBase"]
[SourceDate "2021.10.06"]
[SourceVersion "1"]
[SourceVersionDate "2021.10.06"]
[SourceQuality "1"]

1. c4 c6 2. e4 d5 3. cxd5 cxd5 4. exd5 Nf6 5. Nc3 g6 6. Bc4 Bg7 7. Nf3 0-0 8. 0-0 Nbd7 9. d3 Nb6 10. Qb3 Bf5 11. Re1 Rc8 12. Bf4 Nfd7 1/2-1/2

[Event "Niederoesterreich Landesliga 0405"]
[Site "Austria"]
[Date "2004.12.12"]
[Round "6"]
[White "Posch, Werner"]
[Black "Gugler, Edgar"]
[Result "1/2-1/2"]
[WhiteElo "2188"]
[BlackElo "2195"]
[PlyCount "86"]
[EventDate "2004.09.19"]
[EventType "team-tourn"]
[EventRounds "11"]
[EventCountry "AUT"]
[SourceTitle "EXT 2022"]
[Source "ChessBase"]
[SourceDate "2021.10.06"]
[SourceVersion "1"]
[SourceVersionDate "2021.10.06"]
[SourceQuality "1"]

1. e4 c6 2. d3 g6 3. g3 Bg7 4. Bg2 d5 5. Nd2 dxe4 6. dxe4 Nf6 7. Ngf3 0-0 8. 0-0 Bg4 9. h3 Bxf3 10. Qxf3 Nbd7 11. Nc4 b5 12. Ne3 Nc5 13. e5 Nd5 14. Nxd5 Qxd5 15. Re1 Qxf3 16. Bxf3 Rac8 17. Be3 Nd7 18. Bf4 Nb6 19. Rad1 e6 20. b3 Nd5 21. Bd2 Rfe8 22. Ba5 b4 23. Rd3 Bf8 24. Re4 Rb8 25. c4 bxc3 26. Bxc3 Rb5 27. Ba1 Reb8 28. Rc4 Ra5 29. a4 Rc5 30. Rxc5 Bxc5 31. Be2 Nb4 32. Rd2 Nd5 33. Bd1 h5 34. h4 Bb4 35. Rd3 Kf8 36. Kg2 Ke8 37. Bc2 Rd8 38. Kf3 Rb8 39. Bd4 Rb7 40. Ke2 Be7 41. Bd1 Rd7 42. Rd2 Bb4 43. Rd3 Be7 1/2-1/2

[Event "Niederoesterreich Landesliga 0405"]
[Site "Austria"]
[Date "2004.10.31"]
[Round "4"]
[White "Gugler, Edgar"]
[Black "Mayer, Martin"]
[Result "1/2-1/2"]
[WhiteElo "2195"]
[BlackElo "2000"]
[PlyCount "23"]
[EventDate "2004.09.19"]
[EventType "team-tourn"]
[EventRounds "11"]
[EventCountry "AUT"]
[SourceTitle "EXT 2022"]
[Source "ChessBase"]
[SourceDate "2021.10.06"]
[SourceVersion "1"]
[SourceVersionDate "2021.10.06"]
[SourceQuality "1"]

1. d4 Nf6 2. Nf3 d5 3. Bf4 c6 4. Nc3 Bf5 5. e3 Nbd7 6. Bd3 Bxd3 7. Qxd3 e6 8. 0-0 Be7 9. h3 0-0 10. a4 a6 11. Ne5 c5 12. Rfd1 1/2-1/2

[Event "AUT-chT2O 0304"]
[Site "Austria"]
[Date "2004.01.31"]
[Round "8.3"]
[White "Gugler, Edgar"]
[Black "Chytilek, Roman"]
[Result "0-1"]
[WhiteElo "2242"]
[BlackElo "2418"]
[PlyCount "74"]
[EventDate "2003.10.25"]
[EventType "team-tourn"]
[EventRounds "11"]
[EventCountry "AUT"]
[SourceTitle "EXT 2005"]
[Source "ChessBase"]
[SourceDate "2004.11.15"]
[SourceVersion "1"]
[SourceVersionDate "2004.11.15"]
[SourceQuality "1"]
[WhiteTeam "Amstetten"]
[BlackTeam "Stockerau"]
[WhiteTeamCountry "AUT"]
[BlackTeamCountry "AUT"]

1. d4 Nf6 2. Nf3 g6 3. Bf4 Bg7 4. e3 d6 5. h3 0-0 6. Be2 Nfd7 7. 0-0 Nc6 8. c4 e5 9. Bh2 exd4 10. exd4 Qf6 11. Nc3 Nxd4 12. Nxd4 Qxd4 13. Qxd4 Bxd4 14. Nd5 Bxb2 15. Rab1 Be5 16. Nxc7 Rb8 17. Nb5 Bxh2+ 18. Kxh2 Nc5 19. Nxd6 Be6 20. Rfd1 Rfd8 21. Bf3 b6 22. Rd4 Nb7 23. Nb5 Rxd4 24. Nxd4 Nc5 25. Nc6 Rb7 26. Nb4 Rd7 27. Nd5 Kg7 28. Rd1 Nb7 29. Rc1 Na5 30. Rc2 Nxc4 31. Nf4 Ne5 32. Nxe6+ fxe6 33. Be2 Kf6 34. Bb5 Re7 35. f4 Nf7 36. Rc8 Nd6 37. Rf8+ Kg7 0-1

[Event "AUT-chT2O 0304"]
[Site "Austria"]
[Date "2003.12.08"]
[Round "7.3"]
[White "Gugler, Edgar"]
[Black "Achs, Reinhold"]
[Result "1-0"]
[WhiteElo "2242"]
[BlackElo "2140"]
[PlyCount "70"]
[EventDate "2003.10.25"]
[EventType "team-tourn"]
[EventRounds "11"]
[EventCountry "AUT"]
[SourceTitle "EXT 2005"]
[Source "ChessBase"]
[SourceDate "2004.11.15"]
[SourceVersion "1"]
[SourceVersionDate "2004.11.15"]
[SourceQuality "1"]
[WhiteTeam "Amstetten"]
[BlackTeam "Gols Raiba"]
[WhiteTeamCountry "AUT"]
[BlackTeamCountry "AUT"]

1. d4 f5 2. Nf3 g6 3. g3 Nf6 4. Bg2 Bg7 5. 0-0 0-0 6. b4 d6 7. Bb2 c6 8. Nbd2 Na6 9. a3 h6 10. c4 Nc7 11. Qc2 Qe8 12. e4 f4 13. e5 Nh5 14. Rae1 d5 15. cxd5 Nxd5 16. e6 g5 17. Bh3 Nhf6 18. Ne5 Qh5 19. Bf5 g4 20. h4 Qe8 21. Bg6 Qd8 22. Bf7+ Rxf7 23. exf7+ Kf8 24. Ne4 Bf5 25. Nc5 Qc8 26. Qc1 a5 27. Ncd3 f3 28. Qc5 Ne4 29. Rd1 Qe6 30. Rfe1 Nd6 31. Qc1 h5 32. Nxf3 Qf6 33. Nfe5 Bh6 34. Qc5 axb4 35. axb4 b6 1-0

[Event "AUT-chT2O 0304"]
[Site "Austria"]
[Date "2003.12.07"]
[Round "6.3"]
[White "Kummer, Helmut"]
[Black "Gugler, Edgar"]
[Result "1/2-1/2"]
[WhiteElo "2337"]
[BlackElo "2242"]
[PlyCount "52"]
[EventDate "2003.10.25"]
[EventType "team-tourn"]
[EventRounds "11"]
[EventCountry "AUT"]
[SourceTitle "EXT 2005"]
[Source "ChessBase"]
[SourceDate "2004.11.15"]
[SourceVersion "1"]
[SourceVersionDate "2004.11.15"]
[SourceQuality "1"]
[WhiteTeam "Donaustadt"]
[BlackTeam "Amstetten"]
[WhiteTeamCountry "AUT"]
[BlackTeamCountry "AUT"]

1. d4 d5 2. c4 c6 3. Nf3 Nf6 4. Nc3 g6 5. Bg5 Bg7 6. e3 0-0 7. Bd3 Be6 8. Qe2 a6 9. a4 a5 10. 0-0 Na6 11. Rad1 Nb4 12. Bb1 Re8 13. h3 Qc8 14. cxd5 Nbxd5 15. e4 Nxc3 16. bxc3 Bb3 17. Bc2 Bxc2 18. Qxc2 b5 19. Rfe1 Nd7 20. c4 bxa4 21. Qxa4 c5 22. d5 Nb6 23. Qb5 Qa6 24. Qxc5 Nxc4 25. Nd4 Nb2 26. Nc6 Nxd1 1/2-1/2

[Event "AUT-chT2O 0304"]
[Site "Austria"]
[Date "2003.11.23"]
[Round "4.3"]
[White "Wallner, Joachim"]
[Black "Gugler, Edgar"]
[Result "1-0"]
[WhiteElo "2297"]
[BlackElo "2242"]
[PlyCount "59"]
[EventDate "2003.10.25"]
[EventType "team-tourn"]
[EventRounds "11"]
[EventCountry "AUT"]
[SourceTitle "EXT 2005"]
[Source "ChessBase"]
[SourceDate "2004.11.15"]
[SourceVersion "1"]
[SourceVersionDate "2004.11.15"]
[SourceQuality "1"]
[WhiteTeam "Donau Schach Mattes"]
[BlackTeam "Amstetten"]
[WhiteTeamCountry "AUT"]
[BlackTeamCountry "AUT"]

1. e4 c6 2. d4 g6 3. Nc3 Bg7 4. f4 d5 5. e5 h5 6. Nf3 Bg4 7. h3 Bxf3 8. Qxf3 e6 9. Be3 h4 10. Bf2 Bf8 11. Bd3 Nh6 12. Ne2 Be7 13. 0-0-0 Na6 14. c3 c5 15. Bb5+ Kf8 16. Bxa6 bxa6 17. dxc5 Qc7 18. Kb1 Nf5 19. c4 Rb8 20. cxd5 exd5 21. Rxd5 Kg7 22. Nd4 Rb4 23. Rd1 Rhb8 24. Nxf5+ gxf5 25. b3 Qc6 26. Rd7 Qe6 27. Qd5 Kf8 28. Qxe6 fxe6 29. c6 Rxf4 30. c7 1-0

[Event "AUT-chT2O 0304"]
[Site "Austria"]
[Date "2003.11.22"]
[Round "3.3"]
[White "Gugler, Edgar"]
[Black "Alvir, Aco"]
[Result "1-0"]
[WhiteElo "2242"]
[BlackElo "2374"]
[PlyCount "123"]
[EventDate "2003.10.25"]
[EventType "team-tourn"]
[EventRounds "11"]
[EventCountry "AUT"]
[SourceTitle "EXT 2005"]
[Source "ChessBase"]
[SourceDate "2004.11.15"]
[SourceVersion "1"]
[SourceVersionDate "2004.11.15"]
[SourceQuality "1"]
[WhiteTeam "Amstetten"]
[BlackTeam "Pamhagen SV Raiba"]
[WhiteTeamCountry "AUT"]
[BlackTeamCountry "AUT"]

1. d4 g6 2. Nf3 Bg7 3. Bf4 d6 4. e3 Nd7 5. h3 e5 6. Bh2 Nh6 7. Be2 0-0 8. 0-0 f5 9. dxe5 dxe5 10. Nc3 Nf7 11. Bc4 e4 12. Bxf7+ Rxf7 13. Ne5 Bxe5 14. Bxe5 c6 15. Ne2 Qe7 16. Bc3 Nf6 17. Nf4 b6 18. Qd4 Be6 19. Rfd1 Re8 20. b3 Bc8 21. Bb2 Bb7 22. a4 Qc5 23. Qxc5 bxc5 24. Bxf6 Rxf6 25. h4 Ba6 26. Rd7 Rf7 27. Rd6 Bb7 28. Rad1 Rfe7 29. a5 Kf7 30. a6 Bxa6 31. Rxc6 Bb7 32. Rxc5 Rc8 33. Rxc8 Bxc8 34. Rd8 Ba6 35. Rd6 Bc8 36. Rd8 Ba6 37. Rd6 Bc8 38. Rc6 Bb7 39. Rc5 Ba6 40. Ra5 Bc8 41. Ne2 f4 42. Nxf4 Bg4 43. Rc5 Rd7 44. b4 h6 45. Kh2 Rd2 46. Kg3 Bd7 47. c4 Rb2 48. Rc7 Ke8 49. b5 g5 50. hxg5 hxg5 51. Nd5 Kd8 52. Rxa7 Be6 53. Ra8+ Kd7 54. Ra1 Kd6 55. Ra6+ Ke5 56. Rc6 Bf7 57. Rc7 Be6 58. Rc5 Kd6 59. Rc6+ Ke5 60. Nc3 Bf5 61. b6 Rb3 62. Nb5 1-0

[Event "AUT-chT2O 0203"]
[Site "Austria"]
[Date "2003.03.08"]
[Round "10.3"]
[White "Gugler, Edgar"]
[Black "Todor, Razvan"]
[Result "1/2-1/2"]
[WhiteElo "2225"]
[BlackElo "2202"]
[PlyCount "21"]
[EventDate "2002.10.25"]
[EventType "team-tourn"]
[EventRounds "11"]
[EventCountry "AUT"]
[SourceTitle "EXT 2020"]
[Source "ChessBase"]
[SourceDate "2019.10.17"]
[SourceVersion "1"]
[SourceVersionDate "2019.10.17"]
[SourceQuality "1"]
[WhiteTeam "Amstetten"]
[BlackTeam "Gols Raiba"]
[WhiteTeamCountry "AUT"]
[BlackTeamCountry "AUT"]

1. d4 d5 2. Nf3 Nc6 3. Bf4 Bg4 4. e3 e6 5. Be2 Bd6 6. Bxd6 cxd6 7. 0-0 Nf6 8. Nbd2 0-0 9. c4 dxc4 10. Nxc4 Na5 11. Rc1 1/2-1/2

[Event "AUT-chT2O 0203"]
[Site "Austria"]
[Date "2003.01.26"]
[Round "7.3"]
[White "Vavrak, Peter"]
[Black "Gugler, Edgar"]
[Result "1-0"]
[WhiteElo "2397"]
[BlackElo "2225"]
[PlyCount "85"]
[EventDate "2002.10.25"]
[EventType "team-tourn"]
[EventRounds "11"]
[EventCountry "AUT"]
[SourceTitle "EXT 2020"]
[Source "ChessBase"]
[SourceDate "2019.10.17"]
[SourceVersion "1"]
[SourceVersionDate "2019.10.17"]
[SourceQuality "1"]
[WhiteTeam "Lackenbach"]
[BlackTeam "Amstetten"]
[WhiteTeamCountry "AUT"]
[BlackTeamCountry "AUT"]

1. d4 Nf6 2. c4 c6 3. Nf3 g6 4. g3 Bg7 5. Bg2 0-0 6. 0-0 d5 7. cxd5 cxd5 8. Ne5 b6 9. Nc3 Bb7 10. Be3 Nbd7 11. Qa4 Nxe5 12. dxe5 Ne4 13. Nxe4 dxe4 14. Bxe4 b5 15. Qc2 Rc8 16. Qb1 Bxe4 17. Qxe4 Qc7 18. Bd4 Qc2 19. Qe3 a6 20. Rfd1 Qf5 21. Rac1 Rfd8 22. Rxc8 Qxc8 23. Rd3 Qe6 24. a3 h5 25. Qe4 Qc4 26. e3 Qc2 27. Kg2 a5 28. b4 axb4 29. axb4 Qb1 30. f3 Kh7 31. Rc3 Qxb4 32. Rc7 Qd2+ 33. Kh3 Qe2 34. Rxe7 Qf1+ 35. Kh4 Qg2 36. h3 Kg8 37. Qf4 Rf8 38. e6 Bxd4 39. exf7+ Kh7 40. exd4 Qa2 41. Qf6 b4 42. Re8 g5+ 43. Kxg5 1-0

[Event "AUT-chT2O 0203"]
[Site "Austria"]
[Date "2003.01.25"]
[Round "6.3"]
[White "Gugler, Edgar"]
[Black "Wallner, Joachim"]
[Result "0-1"]
[WhiteElo "2225"]
[BlackElo "2297"]
[PlyCount "62"]
[EventDate "2002.10.25"]
[EventType "team-tourn"]
[EventRounds "11"]
[EventCountry "AUT"]
[SourceTitle "EXT 2020"]
[Source "ChessBase"]
[SourceDate "2019.10.17"]
[SourceVersion "1"]
[SourceVersionDate "2019.10.17"]
[SourceQuality "1"]
[WhiteTeam "Amstetten"]
[BlackTeam "Donau"]
[WhiteTeamCountry "AUT"]
[BlackTeamCountry "AUT"]

1. d4 d5 2. Nf3 Nf6 3. Bf4 Bf5 4. e3 e6 5. Nbd2 Be7 6. h3 h6 7. Be2 0-0 8. 0-0 c5 9. c4 Nc6 10. dxc5 Bxc5 11. Rc1 Be7 12. Qb3 Na5 13. Qa4 a6 14. Rfd1 Nc6 15. a3 d4 16. exd4 Nxd4 17. Bf1 e5 18. Nxe5 b5 19. cxb5 axb5 20. Nc6 bxa4 21. Nxd8 Rfxd8 22. Nc4 Nb3 23. Rxd8+ Rxd8 24. Re1 Bc5 25. Ne3 Be6 26. Bb5 Rd2 27. Be5 Ne4 28. f3 Nd6 29. Bxa4 Nf5 30. Bf4 g5 31. Bxb3 gxf4 0-1

[Event "AUT-chT2O 0203"]
[Site "Austria"]
[Date "2002.10.09"]
[Round "11.3"]
[White "Salamon, Werner"]
[Black "Gugler, Edgar"]
[Result "1/2-1/2"]
[WhiteElo "2187"]
[BlackElo "2225"]
[PlyCount "41"]
[EventDate "2002.10.25"]
[EventType "team-tourn"]
[EventRounds "11"]
[EventCountry "AUT"]
[SourceTitle "EXT 2020"]
[Source "ChessBase"]
[SourceDate "2019.10.17"]
[SourceVersion "1"]
[SourceVersionDate "2019.10.17"]
[SourceQuality "1"]
[WhiteTeam "Mattersburg"]
[BlackTeam "Amstetten"]
[WhiteTeamCountry "AUT"]
[BlackTeamCountry "AUT"]

1. e4 c6 2. c4 d5 3. exd5 cxd5 4. cxd5 Nf6 5. Nc3 g6 6. Qb3 Bg7 7. g3 0-0 8. Bg2 Nbd7 9. d4 Nb6 10. Nge2 Bf5 11. 0-0 Bd3 12. Re1 Bc4 13. Qa3 Nbxd5 14. Nxd5 Bxd5 15. Bxd5 Nxd5 16. Bd2 Qb6 17. Rac1 Rfc8 18. b3 Rxc1 19. Rxc1 Qe6 20. Re1 Qe4 21. Qc5 1/2-1/2

[Event "AUT-chT2O 0102"]
[Site "Austria"]
[Date "2002.02.16"]
[Round "8.2"]
[White "Pingitzer, Harald"]
[Black "Gugler, Edgar"]
[Result "1-0"]
[WhiteElo "2332"]
[BlackElo "2225"]
[PlyCount "99"]
[EventDate "2001.11.??"]
[EventType "team"]
[EventRounds "11"]
[EventCountry "AUT"]
[SourceTitle "EXT 2003"]
[Source "ChessBase"]
[SourceDate "2002.11.25"]
[SourceVersion "1"]
[SourceVersionDate "2002.11.25"]
[SourceQuality "1"]

1. Nf3 Nf6 2. d4 d5 3. c4 c6 4. e3 g6 5. Bd3 Bg7 6. 0-0 0-0 7. Nc3 Bg4 8. h3 Bxf3 9. Qxf3 e6 10. e4 dxe4 11. Nxe4 Nxe4 12. Bxe4 Qxd4 13. Qe2 Na6 14. Rd1 Qe5 15. f4 Qc7 16. Be3 f5 17. Bf3 e5 18. fxe5 Qxe5 19. Qf2 Rfe8 20. Bxa7 Qxb2 21. Rab1 Qxf2+ 22. Bxf2 Re7 23. Rb6 Rc8 24. Kf1 Bf8 25. Rdb1 Rcc7 26. Bg3 Rcd7 27. Bh4 Nc5 28. Bxe7 Bxe7 29. Rd1 Rc7 30. Re1 Kf7 31. Rbb1 Rc8 32. Bd1 Bf6 33. Bc2 Ra8 34. a4 Rd8 35. Rbd1 Ra8 36. Kf2 Bh4+ 37. g3 Bf6 38. Kf3 Bc3 39. Re3 Bf6 40. g4 fxg4+ 41. Kxg4 Kg7 42. h4 Rf8 43. h5 gxh5+ 44. Kxh5 h6 45. Rg1+ Bg5 46. Re5 Nd7 47. Re7+ Rf7 48. Rxf7+ Kxf7 49. Kg4 Ke6 50. Bf5+ 1-0

[Event "AUT-chT2O 0102"]
[Site "Austria"]
[Date "2001.10.28"]
[Round "3.2"]
[White "Gugler, Edgar"]
[Black "Dueckstein, Andreas"]
[Result "1-0"]
[WhiteElo "2225"]
[BlackElo "2327"]
[PlyCount "107"]
[EventDate "2001.11.??"]
[EventType "team"]
[EventRounds "11"]
[EventCountry "AUT"]
[SourceTitle "EXT 2003"]
[Source "ChessBase"]
[SourceDate "2002.11.25"]
[SourceVersion "1"]
[SourceVersionDate "2002.11.25"]
[SourceQuality "1"]

1. d4 Nf6 2. Nf3 e6 3. Bf4 c5 4. c3 Nc6 5. e3 Qb6 6. Qb3 Qxb3 7. axb3 Nh5 8. Bc7 cxd4 9. Nxd4 Nxd4 10. exd4 d6 11. Nd2 Nf6 12. Nc4 Kd7 13. Ba5 Nd5 14. Ne3 Nc7 15. Bxc7 Kxc7 16. g3 Be7 17. Bg2 g5 18. 0-0 Bd7 19. Nc4 a6 20. Rfe1 h5 21. Na5 Rab8 22. b4 Bf6 23. d5 e5 24. c4 h4 25. c5 Bb5 26. Nb3 Be7 27. Rac1 f5 28. Nd4 Bd7 29. Ne6+ Bxe6 30. dxe6 e4 31. Red1 d5 32. Rxd5 Rbd8 33. Rxf5 Rhf8 34. Rxf8 Bxf8 35. Rc4 Be7 36. gxh4 gxh4 37. Rxe4 Rd1+ 38. Bf1 b6 39. cxb6+ Kxb6 40. h3 Kc6 41. Kg2 Rd2 42. b3 Kd5 43. Re3 Rd4 44. Bc4+ Kd6 45. Re2 Rf4 46. Bxa6 Rxb4 47. Bc4 Rb8 48. f4 Rf8 49. Rd2+ Kc6 50. Rd7 Bc5 51. Bd5+ Kb6 52. Rb7+ Ka6 53. b4 Bd6 54. Bc6 1-0